000
00270nam a2200109Ia 4500
008
220204s9999 xx 000 0 und d
020
_a
09752250
082
_a
0582010
_b
MAN
245
0
_a
Manorama yearbook 2010
260
_a
Kottayam
_b
Malayala Manorama
_c
2010
942
_c
BK
999
_c
42887
_d
42887